Méthode et métaphysique selon Franz Brentano
Saved in:
| Hovedforfatter: | |
|---|---|
| Format: | Bog |
| Sprog: | fransk |
| Udgivet: |
París
J. Vrin
1955
|
| Serier: | Bibliothèque d'Histoire de la Philosophie
|
| Fag: | |
| Tags: |
Tilføj Tag
Ingen Tags, Vær først til at tagge denne postø!
|
MARC
| LEADER | 00000nam a2200000 a 4500 | ||
|---|---|---|---|
| 001 | UCZ4174 | ||
| 003 | CL-VaPUC | ||
| 008 | 951106e19550000FR |||||||||||||||||fre|d | ||
| 082 | 0 | 4 | |a 110 |b GIL |2 21 |
| 100 | |a Gilson, Lucie |e author |9 349199 | ||
| 245 | 1 | 0 | |a Méthode et métaphysique selon Franz Brentano |
| 300 | |a 286 p | ||
| 942 | |c BK | ||
| 945 | |d 19951106 00:00:00 |a cmena | ||
| 260 | |a París |b J. Vrin |c 1955 | ||
| 600 | 0 | 7 | |a BRENTANO, FRANCISCO |2 CL-VaPUC |9 348132 |
| 650 | 0 | |a Metafísica |9 265649 | |
| 650 | 0 | |a Escuelas filosóficas |9 266232 | |
| 650 | 0 | |a Metodología |9 256610 | |
| 650 | 0 | |a Lógica |9 256849 | |
| 650 | 0 | |a Cognición |9 270347 | |
| 583 | |a last modification |c 19951106 00:00:00 |k Rodrigo Vera | ||
| 490 | 0 | |a Bibliothèque d'Histoire de la Philosophie | |
| 999 | |c 240591 |d 240589 | ||
| 952 | |0 0 |1 0 |4 0 |6 110_000000000000000_GIL_1955 |7 0 |8 P |9 252547 |a BIBEDU |b BIBEDU |c BIBEDU_PB |d 2019-11-18 |i 159401K |o 110 GIL 1955 |p 159401K |r 2024-01-25 |w 2019-11-18 |y BK |k FIL | ||
| 952 | |0 0 |1 0 |4 0 |6 110_000000000000000_GIL_1955 |7 0 |8 P |9 252548 |a BIBEDU |b BIBEDU |c BIBEDU_PB |d 2019-11-18 |i 1573098 |o 110 GIL 1955 |p 1573098 |r 2024-01-25 |w 2019-11-18 |y BK |k FIL | ||